Wspólczesne kierunki doskonalenia organizacji i zarzadzania instytucjami

Guardado en:
Detalles Bibliográficos
Otros Autores: Krzakiewicz, Kazimierz
Formato: Libro
Lenguaje:polaco
Publicado: Poznan Akademia Ekonomiczna w Poznaniu 1995
Edición:1. wyd.
Colección:Zeszyty naukowe Zeszyt 224
Materias:
Etiquetas: Agregar Etiqueta
Sin Etiquetas, Sea el primero en etiquetar este registro!

MARC

LEADER 00000nam a2200000 4500
001 c013139
005 20250509102736.4
041 0 |a pol 
044 |a PL 
245 1 0 |a Wspólczesne kierunki doskonalenia organizacji i zarzadzania instytucjami  |c Red. Kazimierz Krzakiewicz 
250 |a 1. wyd. 
264 1 |a Poznan  |b Akademia Ekonomiczna w Poznaniu  |c 1995 
300 |a 114 s. 
490 1 |a Zeszyty naukowe  |v Zeszyt 224 
830 0 |a Zeszyty naukowe  |v Zeszyt 224 
610 2 0 |a organizácia 
610 2 0 |a podnik 
610 2 0 |a štruktúra organizačná 
610 2 0 |a hospodárstvo trhové 
610 2 0 |a inovácia 
610 2 0 |a kultúra 
610 2 0 |a inštitúcia 
610 2 0 |a riadenie 
610 2 0 |a efektívnosť práce 
610 2 0 |a výskum 
610 2 0 |a koncepcie 
610 2 0 |a riadenie strategické 
610 2 0 |a teória organizácie 
610 2 0 |a Poľsko 
700 1 |a Krzakiewicz, Kazimierz